Länder, in denen es 2020 Hinrichtungen gab - Statistiken

Allgemein
  • Dieses Quiz wurde 159 mal gespielt
  • Das Durchschnittsergebnis liegt bei 11 aus 18
Antwortstatistiken
Hinrichtungen Kontinent Land % Korrekt
>1000 Asien China
97%
17 Nordamerika Vereinigte Staaten
93%
>246 Asien Iran
88%
27 Asien Saudi-Arabien
83%
>45 Asien Irak
82%
>1 Asien Nordkorea
78%
4 Asien Indien
72%
>5 Asien Jemen
67%
>1 Asien Syrien
66%
1 Asien Katar
65%
4 Asien Oman
62%
>107 Afrika Ägypten
57%
>1 Asien Vietnam
55%
2 Asien Bangladesch
50%
>11 Afrika Somalia
47%
>2 Afrika Südsudan
37%
1 Asien Taiwan
31%
3 Afrika Botswana
8%
Keine übereinstimmenden Quizze gefunden
Verteilung der Resultate
Anzahl Personen mit jedem Resultat
Perzentil nach korrekt beantworteten Fragen
Ihre Resultats-Entwicklung
Sie haben dieses Quiz noch nicht gespielt